|
|
|
|
| LEADER |
00000nas a22000001a 4500 |
| 001 |
vtls010301422 |
| 003 |
SK-MaSNL |
| 005 |
20260228163223.0 |
| 008 |
110810d19491952xo wr p r 0 b0slo |
| 015 |
|
|
|a SNBDS17XX9999
|
| 015 |
|
|
|a 0523
|2 Balúnová 1945-60
|
| 038 |
|
|
|a SNKBUDS
|
| 040 |
|
|
|a SNK
|b slo
|c SNK
|e AACR2
|
| 041 |
0 |
|
|a slo
|
| 044 |
|
|
|a xo
|c SK
|
| 080 |
|
|
|a 272/273
|2 2001
|
| 245 |
0 |
0 |
|a Katolícka mlaď
|b detská príloha
|
| 260 |
|
|
|a Bratislava
|b Výbor Katolíckej akcie na Slovensku
|c 36/LXIV 1949-12/LXVI 1951
|
| 260 |
|
|
|3 13/LXVI 1951-27/LXVII 1952
|a Bratislava
|b Spolok sv. Vojtecha v Trnave
|
| 300 |
|
|
|a 4 roč.
|c 16 x 22 cm
|
| 310 |
|
|
|a 1x týždenne
|
| 362 |
|
|
|a Roč. [LXIV], č. [36] (4. sept. 1949)- roč. [LXVII], č. [27] (6. júl 1952)
|
| 500 |
|
|
|a Vychádzal v Bratislave týždenne
|
| 500 |
|
|
|a Zodp. red. Ladislav Škoda; zodp. zást. čas. Anton Botek; šéfred. [od 6/LXVI (11. febr. 1951)] Ladislav Škoda; cirk. cenzor Ján Pöstyényi
|
| 500 |
|
|
|a Vyd. Výbor Katolíckej akcie na Slovensku, od 13/LXVI (1. apr. 1951) Spolok Sv. Vojtecha v Trnave
|
| 500 |
|
|
|a Tlač. Slovenská Grafia, od 7/LXV (19. febr. 1950) Tlačiarenské závody Práca, zákl. záv. v Bratislave
|
| 500 |
|
|
|a Príloha týždenníka Katolícke noviny, bez samostatného číslovania a tiráže. Vych. od 36/LXIV (4. sept. 1949) so 27/LXVII (6. júla 1952) Katolíckych novín
|
| 505 |
8 |
0 |
|g Roč. 1949 17 č. po 4 s.
|
| 505 |
8 |
0 |
|g Roč. 1950 52 č. po 4 s.
|
| 505 |
8 |
0 |
|g Roč. 1951 52 č. po 4 s.
|
| 505 |
8 |
0 |
|g Roč. 1952 27 č. po 4 s.
|
| 610 |
2 |
7 |
|a Katolícka cirkev
|2 SNKBUDS
|9 206702
|
| 650 |
0 |
7 |
|a náboženstvo
|2 SNKBUDS
|9 2023
|
| 650 |
0 |
7 |
|a cirkevný život
|2 SNKBUDS
|9 75120
|
| 655 |
|
7 |
|a katolícke náboženské časopisy pre deti
|2 SNKBUDS
|9 273384
|
| 700 |
1 |
|
|a Botek, Anton,
|d 1911-1992
|4 pbd
|9 39253
|
| 700 |
1 |
|
|a Škoda, Ladislav
|4 pbd
|9 272687
|
| 700 |
1 |
|
|a Pöstyényi, Ján
|4 cns.
|9 272688
|
| 710 |
2 |
|
|a Katolícka akcia (cirkevné hnutie)
|9 52225
|
| 710 |
2 |
|
|a Spolok sv. Vojtecha (Trnava, Slovensko)
|9 34261
|
| 710 |
2 |
|
|a Slovenská grafia, úč. spol. (Bratislava, Slovensko)
|9 265810
|
| 710 |
2 |
|
|a Tlačiarenské závody Práca (Bratislava, Slovensko)
|9 178085
|
| 772 |
0 |
|
|t Katolícke noviny
|
| 852 |
|
|
|a SNK
|b 10000
|h ČSA 182
|
| 852 |
|
|
|a UKB
|b 300000
|h SAA 131
|
| 852 |
|
|
|a SVKK
|b 900000
|h F 7
|
| 852 |
|
|
|a UKB
|b 300000
|h 20 B 5
|
| 999 |
|
|
|c 9045
|d 10975
|